000 01041nam a2200277Ia 4500
999 _c32792
_d32792
003 GCL
005 20240530102518.0
008 140319s1997 ua f b 000 0 ara d
017 _a97/2663
_bمصر. دار الكتب
020 _a9775046319
040 _aGCL /
_cGCL
082 0 4 _221
_a953.0737/
_bق/ك ف
100 1 _aابن الكندى
245 1 0 _aفضائل مصر المحروسة /
_cابن الكندى، عمر بن محمد بن يوسف ؛ تحقيق على محمد عمر
250 _aالاولى
260 _aالقاهرة :
_bمكتبة الخانجى ،
_c1997
300 _a77 ص ؛
_c24 سم
504 _aيشتمل على ارجاعات ببليوجرافية
650 0 7 _2qrmak
_aالحضارة
650 0 7 _2qrmak
_aالتاريخ الاسلامى
650 0 7 _2qrmak
_aالاسلام
_x تاريخ
650 0 7 _2 تاريخ
_aالدولة الاخشيدية
700 0 _aعلى محمد عمر
_eمحقق
700 0 _aعمر بن محمد بن يوسف
_eمؤلف مشارك
942 _2ddc
_cBK